Statistiques concernant Généalogie des dieux de la mythologie grecque

Cliquez ici pour prendre le quiz!

Statistiques générales

  • Ce quiz a été pris 1 867 fois
  • Le résultat moyen est 8 sur 15

Statistiques - réponses

HintRéponse% Correct
Fils de cronos et dieu des enfersHades
98%
Dieu de la guerre fils de ZeusAres
86%
Déesse du foyer sœur de Hera et de DemeterHestia
74%
Fils du titan japet représenté portant la terreAtlas
71%
Fils de chaos représentant l’amourEros
68%
Fille de Zeus et LetoArtemis
61%
Dieu de la mort fils de NyxThanatos
58%
Père de GaiaChaos
54%
Sœur d’éos et d’hélios Représentant la luneSelene
51%
Dieu du sommeil frère jumeau de thanatosHypnos
47%
Déesse de la vengeance fille de nyxNemesis
38%
Titan représentant les océans fils de ouranos et de GaïaOceanos
28%
Hécatonchire frére de Cottos et GygèsBriarée
19%
Titan représentant le soleil fils de ouranos et de GaïaHyperion
19%
Célèbre géant fils de Gaïa ensevelis sous la SicileEncelade
11%

Distribution des résultats

Percentile par nombre de réponses

% des personnes avec chaque résultat

Votre développement - résultats

Vous n’avez pas pris ce quiz